000 003420000a22001450004500
003 MACL
040 _aMACL
090 _c7106
_d7105
100 _aRanganathananda, Swami
245 _aThe Ramakrishana Mission Its Ideala And Activeties
260 _bThe Ramakrishna Mission
_c1966
350 _a1.50
650 _aReligion
942 _cBOOK
_k294
999 _c7059
_d7059